ბათუმის შოთა რუსთაველის სახელმწიფო უნივერსიტეტის ბიბლიოთეკა

Поехали! Русский язык для взрослых. Начальный курс : Ч.1 (ბიბ.ჩანაწერი № 50495)

000 -LEADER
fixed length control field 00951nam a2200241Ia 4500
001 - CONTROL NUMBER
control field 17444
003 - CONTROL NUMBER IDENTIFIER
control field GE_BSU
005 - DATE AND TIME OF LATEST TRANSACTION
control field 20200213142518.0
008 - FIXED-LENGTH DATA ELEMENTS--GENERAL INFORMATION
fixed length control field 181216s2015ru xx |||||||||||||| ||rus||
020 ## - INTERNATIONAL STANDARD BOOK NUMBER
International Standard Book Number 978-5-86547-583-5
040 ## - CATALOGING SOURCE
Transcribing agency GE_BSU
041 ## - LANGUAGE CODE
Language code of text/sound track or separate title rus
080 ## - UNIVERSAL DECIMAL CLASSIFICATION NUMBER
Universal Decimal Classification number 811.161.1Ч-45
100 ## - MAIN ENTRY--PERSONAL NAME
Personal name Чернышов С.И.
9 (RLIN) 7063
245 ## - TITLE STATEMENT
Title Поехали! Русский язык для взрослых. Начальный курс : Ч.1
Remainder of title Начальный курс: Часть1 /
Statement of responsibility, etc. С.И. Чернышов ; Ред . Т.А.Григорьева.
250 ## - EDITION STATEMENT
Edition statement 15-е издание
264 ## - PRODUCTION, PUBLICATION, DISTRIBUTION, MANUFACTURE, AND COPYRIGHT NOTICE
Place of production, publication, distribution, manufacture Санкт-Петербург :
Name of producer, publisher, distributor, manufacturer Златоуст,
Date of production, publication, distribution, manufacture, or copyright notice 2015.
300 ## - PHYSICAL DESCRIPTION
Extent 280 стр.:
Other physical details ил,
Dimensions 27 cm.
653 ## - INDEX TERM--UNCONTROLLED
keyword Русский язык для взрослых.Начальный курс
653 ## - INDEX TERM--UNCONTROLLED
keyword რუსული ენა
700 ## - ADDED ENTRY--PERSONAL NAME
Personal name Григорьева, Т.А.
Relator term რედაქტორი
9 (RLIN) 7064
942 ## - ADDED ENTRY ELEMENTS (KOHA)
Koha item type წიგნი
Source of classification or shelving scheme
ეგზემპლარები
Withdrawn status Lost status Source of classification or shelving scheme Damaged status Not for loan Permanent Location Current Location Shelving location Date acquired Cost, normal purchase price Full call number Barcode Date last seen Copy number Price effective from Koha item type Public note
          ბათუმის შოთა რუსთაველის სახელმწიფო უნივერსიტეტის მთავარი ბიბლიოთეკა ბათუმის შოთა რუსთაველის სახელმწიფო უნივერსიტეტის მთავარი ბიბლიოთეკა წიგნსაცავი 2018-12-17 57.00 811.161.1Ч-45 45581 2018-12-17 45581 2018-12-17 წიგნი 57.00